|
|
|
|
| LEADER |
00000nab a2200000 ar4500 |
| 001 |
vtls009188694 |
| 003 |
SK-MaSNL |
| 005 |
20260304065317.0 |
| 008 |
080305c20080121xo dr|p|||||||000 b|slo |
| 015 |
|
|
|a SNBRB2008/03
|2 snkbucl
|
| 040 |
|
|
|a SNKBUCL
|b slo
|c SNKBUCL
|e AACR2
|
| 041 |
0 |
|
|a slo
|
| 044 |
|
|
|a xo
|c SK
|
| 080 |
|
|
|a 324:342.511
|x (479.11)
|2 2001
|
| 100 |
1 |
|
|a Vasilko, Tomáš
|4 aut
|9 1037019
|
| 245 |
1 |
0 |
|a Srbi volili prezidenta vo veľkom
|b takmer jarné počasie vylákalo k voľbám ...
|c Tomáš Vasilko
|
| 300 |
|
|
|b Fotogr.
|
| 500 |
|
|
|a Od 15.1.2007 návrat k pôvodnému vročeniu
|
| 650 |
0 |
7 |
|a 2008
|2 snkbucl
|9 1222527
|
| 650 |
0 |
7 |
|a prezidentské voľby
|x prvé kolo
|2 snkbucl
|9 1237443
|
| 651 |
|
7 |
|a Srbsko
|2 snkbucl
|9 31535
|
| 773 |
0 |
|
|t Sme
|g Roč. 16, č. 17 (21.1.2008), s. 11
|x 1335-440X
|
| 852 |
|
|
|a SNK
|b KIS3GCP
|
| 958 |
|
|
|a RS
|
| 999 |
|
|
|c 2750121
|d 2752051
|